| 000 | 00701nam a2200289Ia 4500 | ||
|---|---|---|---|
| 005 | 20260324130403.0 | ||
| 008 | 008 260324s9999 xx 000 0 eng d | ||
| 020 | _a9780429481888 | ||
| 037 | _aEBOOK | ||
| 040 | _aCRL | ||
| 040 | _beng | ||
| 040 | _cCRL | ||
| 041 | _2eng | ||
| 041 | _aeng | ||
| 084 | _qCRL | ||
| 100 | _aSalman Akhtar | ||
| 245 | 4 | _aThe Geography of Meanings | |
| 245 | 0 | _bPsychoanalytic Perspectives on Place, Space, Land, and Dislocation | |
| 260 | _bTaylor and Francis | ||
| 260 | _c2007 | ||
| 365 | _a | ||
| 365 | _b205 | ||
| 856 | _uhttp://www.taylorfrancis.com/books/9780429481888 | ||
| 942 | _cEBOOK | ||
| 999 |
_c1777721 _d1777721 |
||